Handbook of Community Medicine/ (Record no. 442)

MARC details
000 -LEADER
Fixed length control field 00513nam a2200193Ia 4500
003 - CONTROL NUMBER IDENTIFIER
Control field IIN
005 - DATE AND TIME OF LATEST TRANSACTION
Control field 20250521115045.0
008 - FIXED-LENGTH DATA ELEMENTS--GENERAL INFORMATION
Fixed length control field 231217s9999 xx 000 0 und d
020 ## - INTERNATIONAL STANDARD BOOK NUMBER / ISBN
Price Rs.295.00
International Standard Book Number 9788181914330
040 ## - CATALOGING SOURCE
Original cataloging agency IIN
Language of cataloging English
082 ## - DEWEY DECIMAL CLASSIFICATION NUMBER
Classification number 362.10425
Book Number KUL
100 1# - MAIN ENTRY--PERSONAL NAME
Personal name Kulkarni, A.T.
245 1# - TITLE STATEMENT
Title Handbook of Community Medicine/
Statement of responsibility A.T. Kulkarni
260 ## - IMPRINT
Place of publication Hyderabad
Name of publisher Paras Medical
Date of publication 2015
300 ## - PHYSICAL DESCRIPTION
Page / Vol. No 296 p.
650 1# - SUBJECT ADDED ENTRY--TOPICAL TERM
Topical term Community Health Nursing
650 1# - SUBJECT ADDED ENTRY--TOPICAL TERM
Topical term Community Medicine
942 ## - ADDED ENTRY ELEMENTS (KOHA)
Koha item type Books
Holdings
Withdrawn status Lost status Source of classification Damaged status Not for loan Collection code Home library Current library Date acquired Price Total Checkouts Call number Accession number Date last seen Copy number Price effective from Koha item type Shelving location
    Dewey Decimal Classification       IDEAL INSTITUTE OF NURSING IDEAL INSTITUTE OF NURSING 17/12/2023 295.00   362.10425 KUL 437 17/12/2023 1 17/12/2023 Books  
    Dewey Decimal Classification       IDEAL INSTITUTE OF NURSING IDEAL INSTITUTE OF NURSING 17/12/2023 295.00   362.10425 KUL 438 17/12/2023 2 17/12/2023 Books  
    Dewey Decimal Classification     Purches Book IDEAL INSTITUTE OF NURSING IDEAL INSTITUTE OF NURSING 11/03/2025 295.00   362.10425 KUL 2045 21/05/2025 3 21/05/2025 Books General Stacks
© Ideal Institute Of Nursing, All rights reserved.         Powered by Koha